Germany in the Eurovision Song Contest - Statistics

General Stats
  • This quiz has been taken 21 times
    3 since last reset
  • The average score is 13 of 70
Answer Stats
Answer % Correct
Always on the Run
100%
Baller
100%
Blood & Glitter
100%
Fire
100%
I Don't Feel Hate
100%
Rockstars
100%
Satellite
100%
Sister
100%
Black Smoke
67%
Ghost
67%
Glorious
67%
Is It Right
67%
Perfect Life
67%
Standing Still
67%
You Let Me Walk Alone
67%
Taken by a Stranger
33%
Anouschka
0%
Aufrecht geh'n
0%
Bonne nuit ma chérie
0%
Can't Wait Until Tonight
0%
Dieser Traum darf niemals sterben
0%
Diese Welt
0%
Die Sommermelodie
0%
Die Zeiger der Uhr
0%
Disappear
0%
Dschinghis Khan
0%
Ein bißchen Frieden
0%
Ein Hoch der Liebe
0%
Ein Lied kann eine Brücke sein
0%
Einmal sehen wir uns wieder
0%
Feuer
0%
Flieger
0%
Frauen regier'n die Welt
0%
Frei zu leben
0%
Für alle
0%
Für zwei Groschen Musik
0%
Guildo hat euch lieb
0%
Heut' woll'n wir tanzen geh'n
0%
I Can't Live Without Music
0%
Im Wartesaal zum großen Glück
0%
Johnny Blue
0%
Journey to Jerusalem - Kudüs'e Seyahat
0%
Junger Tag
0%
Laß die Sonne in dein Herz
0%
Let's Get Happy
0%
Lied für einen Freund
0%
Man gewöhnt sich so schnell an das Schöne
0%
Marcel
0%
Miss Kiss Kiss Bang
0%
No No Never
0%
Nur die Liebe läßt uns leben
0%
Paradies, wo bist du?
0%
Primaballerina
0%
Rücksicht
0%
Run & Hide
0%
Sing, Sang, Song
0%
So geht das jede Nacht
0%
Telefon, Telefon
0%
Telegram
0%
Theater
0%
Träume sind für alle da
0%
Über die Brücke geh'n
0%
Verliebt in Dich
0%
Viel zu weit
0%
Wadde hadde dudde da?
0%
Wer Liebe lebt
0%
Wir geben 'ne Party
0%
Wunder gibt es immer wieder
0%
Zeit
0%
Zwei kleine Italiener
0%
No matching quizzes found
Score Distribution
Percent of People with Each Score
Percentile by Number Answered
Your Score History
You have not taken this quiz since the last reset